000 01090nam0a22002891 4500
001 rc\4741943
005 20130416214400.3
021 _aRU
_b61-6124
021 _aRU
_bРг2017
035 _a(NLR Aleph) 008453268
090 _a7822773
_c7822773
100 _a20130416d1960 |||y0rusy50 ca
101 0 _arus
102 _aRU
105 _aa z |||||
200 1 _aРуководство к лаборатории переменных токов
_fМ-во связи СССР. Одесск. электротехн. ин-т связи. Кафедра ТОЭ
210 _aОдесса
_cБ. и.
_d1960
215 _a42 с.
_cсхем.
_d23
300 _aВ конце текста сост.: Коган, М.М., Трахтенгерц С.М.
702 1 _aТрахтенгерц
_bС. М.
_4220
702 1 _aКоган
_bМ. М.
_4220
710 0 2 _aОдесский электротехнический ин-т связи им. А.С.Попова
_3RU\NLR\AUTH\889932256
801 0 _aRU
_bNLR
_gpsbo
801 1 _aRU
_bELAR
_2rusmarc
852 _aNLR
_j61-6/1726
942 _cBOOK
980 _aNB